Central Library OPAC University of Rajshahi

The winter's tale / (Record no. 17803)

MARC details
000 -LEADER
fixed length control field 00720cam a22002413a 4500
001 - CONTROL NUMBER
control field 17803
003 - CONTROL NUMBER IDENTIFIER
rucl marc code BD-RjUL
005 - DATE AND TIME OF LATEST TRANSACTION
control field 20211209000208.0
008 - FIXED-LENGTH DATA ELEMENTS--GENERAL INFORMATION
fixed length control field 140219r19661956e 000 0deng
035 ## - SYSTEM CONTROL NUMBER
System control number (BD-RjUL)17861
040 ## - CATALOGING SOURCE
Original cataloging agency DLC
Transcribing agency DLC
Language of cataloging eng
Modifying agency BD-RjUL
041 ## - LANGUAGE CODE
Language code of text/sound track or separate title eng
082 04 - DEWEY DECIMAL CLASSIFICATION NUMBER
Classification number 822.33
Author mark and year WIN 1966
100 ## - MAIN ENTRY--PERSONAL NAME
Personal name Shakespeare, William,
Dates associated with a name 1564-1616.
9 (RLIN) 243025
245 04 - TITLE STATEMENT
Title The winter's tale /
Statement of responsibility, etc. edited by S.L. Bethell.
260 ## - PUBLICATION, DISTRIBUTION, ETC. (IMPRINT)
Place of publication, distribution, etc. Oxford :
Name of publisher, distributor, etc. Clarendon,
Date of publication, distribution, etc. 1956 [reprinted 1966].
300 ## - PHYSICAL DESCRIPTION
Pagination 255 p. ;
Size 18 cm.
650 1# - SUBJECT ADDED ENTRY--TOPICAL TERM
Topical term or geographic name as entry element Shakespeare, William, -- 1564-1616. -- Winter's tale.
9 (RLIN) 54928
700 1# - ADDED ENTRY--PERSONAL NAME
Personal name Bethell, S. L
942 ## - ADDED ENTRY ELEMENTS (KOHA)
Source of classification or shelving scheme Dewey Decimal Classification
Koha item type Books
Holdings
Lost status Source of classification or shelving scheme Damaged status Not for loan Permanent Location Current Location Shelving location Date acquired Source of acquisition Cost, normal purchase price Total Checkouts Full call number Date last seen Copy number Koha item type
  Dewey Decimal Classification     Central Library, University of Rajshahi Central Library, University of Rajshahi   31/07/1964 Zeitlinger 25.00   822.33 WIN 1963 20/02/2014 C-2 Books
  Dewey Decimal Classification     Central Library, University of Rajshahi Central Library, University of Rajshahi   31/07/1964 Zeitlinger 25.00   822.33 WIN 1963 20/02/2014 C-3 Books
  Dewey Decimal Classification   Not For Loan Central Library, University of Rajshahi Central Library, University of Rajshahi Reading Room 31/07/1964 Zeitlinger 6.60   822.33 WIN 1966 29/12/2020 C-1 Books
  Dewey Decimal Classification     Central Library, University of Rajshahi Central Library, University of Rajshahi   09/08/1970 Zeitlinger 6.60   822.33 WIN 1966 15/02/2021 C-4 Books
  Dewey Decimal Classification     Central Library, University of Rajshahi Central Library, University of Rajshahi   09/08/1970 Zeitlinger 6.60   822.33 WIN 1966 15/02/2021 C-5 Books
  Dewey Decimal Classification     Central Library, University of Rajshahi Central Library, University of Rajshahi   09/08/1970 Zeitlinger 6.60   822.33 WIN 1966 15/02/2021 C-6 Books